000 00345nam a22001217a 4500
999 _c2804
_d2804
005 20200924114335.0
008 200924b ||||| |||| 00| 0 eng d
020 _a27447
040 _cCML
245 _aThe World Book Encyclopedia: So-Sz.
260 _aLondon
_bWorld Book, Inc.
_c1990
942 _2ddc
_cBK
_eVolume 18
_h030
_kR
_mWOR